000 00319nam a22001337a 4500
008 171103b xxu||||| |||| 00| 0 eng d
020 _a9780130351340
041 _aeng
080 _23 ED
_a339.138
100 _a60
101 _aMAR
245 _aMARKETING REAL PEOPLE REAL CHOICES
_cELNORA.W.S
942 _2udc
_cBK
999 _c37476
_d37476